Capitals with Four Letters - Statistics

General Stats
  • This quiz has been taken 623 times
  • The average score is 12 of 14
Answer Stats
Answer % Correct
Lima
97%
Oslo
94%
Rome
94%
Bern
91%
Riga
91%
Suva
84%
Baku
83%
Doha
83%
Kiev
83%
Dili
81%
Lome
81%
Apia
79%
Malé
76%
Juba
72%
No matching quizzes found
Score Distribution
Percent of People with Each Score
Percentile by Number Answered
Your Score History
You have not taken this quiz